Report on housing management. (Record no. 61601)

MARC details
000 -LEADER
fixed length control field 00617cam a2200169 4500
001 - CONTROL NUMBER
control field WB3533-25
008 - FIXED-LENGTH DATA ELEMENTS--GENERAL INFORMATION
fixed length control field 000000n1999 000 0 eng u
035 ## - SYSTEM CONTROL NUMBER
System control number (Sirsi) u102601
245 ## - TITLE STATEMENT
Title Report on housing management.
260 ## - PUBLICATION, DISTRIBUTION, ETC.
Date of publication, distribution, etc. 1999
490 ## - SERIES STATEMENT
Series statement DETR News Release
Volume/sequential designation (838) 19 August 1999 (1)
520 ## - SUMMARY, ETC.
Summary, etc. A report on behalf of the Governmentαs Social Exclusion Unit, claims that good housing management with an on-the spot presence is crucial in ensuring social housing tenants enjoy a high quality of life.
650 ## - SUBJECT ADDED ENTRY--TOPICAL TERM
Topical term or geographic name entry element HOUSING MANAGEMENT
650 ## - SUBJECT ADDED ENTRY--TOPICAL TERM
Topical term or geographic name entry element SOCIAL HOUSING
690 ## - LOCAL SUBJECT ADDED ENTRY--TOPICAL TERM (OCLC, RLIN)
Topical term or geographic name as entry element HOUSING
942 ## - ADDED ENTRY ELEMENTS (KOHA)
Suppress in OPAC 0
Holdings
Withdrawn status Lost status Source of classification or shelving scheme Damaged status Not for loan Home library Current library Shelving location Date acquired Total Checkouts Full call number Barcode Date last seen Copy number Price effective from Koha item type
    Dewey Decimal Classification     London London News article 23/11/1999   WB3533-25 102601-1001 06/08/2019 1 06/08/2019 News article